000 00616nam a2200229Ia 4500
003 OSt
005 20220615112439.0
008 210423s2012 xx 000 0 und d
020 _a8130900610
040 _cAL
041 _aeng
082 _a541.3028 VISB
100 _aVISWANATHAN (B);RAGHAVAN (P S)
_942583
245 _aPractical physical chemistry
260 _aNew Delhi
_bViva Books Pvt Ltd
_c2012
300 _axii,356
_bPB
365 _b350
_cINR
650 _aChemistry
_942584
650 _aPhysical Chemistry
_942585
906 _achemistry ; chemistry. ; Physical ; Practical
942 _2ddc
_cBK
999 _c154848
_d154848